Historia de un sueño cumplido : la historia de la Escuela para la Formación de Expositores Bíblicos (EFEB) / Mercedes Quintero Ortíz (Registro nro. 43771)
[ vista simple ]
| 000 -LÍDER | |
|---|---|
| Campo fijo de descripción fija | 006990000a22001450004500 |
| 001 - NÚMERO DE CONTROL | |
| Campo de control | 14955 |
| 100 1# - ASIENTO PRINCIPAL--NOMBRE PERSONAL | |
| Nombre personal | Quintero Ortíz, Mercedes |
| 245 10 - TÍTULO | |
| Título del Material | Historia de un sueño cumplido : la historia de la Escuela para la Formación de Expositores Bíblicos (EFEB) / Mercedes Quintero Ortíz |
| 260 ## - PUBLICACIÓN, DISTRIBUCIÓN, ETC. (PIE DE IMPRENTA) | |
| Lugar de publicación, distribución, etc. | Medellín, Colombia : FUSBC |
| 300 ## - DESCRIPCIÓN FÍSICA | |
| Extensión | 115 Pág. |
| 650 14 - ASIENTO SECUNDARIO DE MATERIA - TERMINO TEMÁTICO | |
| Término temático o nombre geográfico como elemento de entrada | TEOLOGIA Y FILOSOFIA \ EXPOSICION (RETORICA) \ Exposición Bíblica \ DIRECCION ESPIRITUAL \ ENTRENAMIENTO EN RELACIONES DE GRUPO \ EDUCACION RELIGIOSA - METODOS DE ENSEÑANZA |
| 942 ## - TIPO DE MATERIAL (KOHA) | |
| Tipo de Item KOHA | Libros General |
| Estado de Material | Estado de Perdido | Estado de Dañado | No para Préstamo | Colección | Tomo | Biblioteca de Origen | Biblioteca Permanente | Fecha de Adquisición | Total de Préstamos | Signatura Topográfica | Código de Barras | Última vez visto | Ejemplar/Existencia | Fecha de Remplazo | Tipo de Material |
|---|---|---|---|---|---|---|---|---|---|---|---|---|---|---|---|
| Trabajos de grado | Biblioteca FUSBC | Biblioteca FUSBC | 30/04/2009 | T Q457i | 17026 | 12/12/2019 | 1 | 26/01/2016 | Trabajos de Grado |
